Football: Les meilleurs buteurs de ces équipes espagnoles. #1 - Statistiques

Statistiques générales
  • Ce quiz a été pris 163 fois
  • Le résultat moyen est 13 sur 25
Statistiques - réponses
Clubs Pays Joueurs % Correct
Real Madrid Portugal Cristiano Ronaldo
100%
Fc Barcelone Argentine Lionel Messi
98%
France Karim Benzema
97%
Atletico Madrid France Antoine Griezmann
96%
Pays de Galles Gareth Bale
96%
Uruguay Luis Suarez
95%
Cameroun Samuel Eto'o
93%
Espagne Raul Gonzalez
77%
Brésil Rivaldo
65%
Uruguay Diego Forlan
58%
Argentine Gonzalo Higuain
58%
Espagne Fernando Torres
54%
Espagne/Ghana Inaki Williams
53%
Argentine Sergio Aguero
46%
Pays-Bas Patrick Kluivert
36%
Athletic Bilbao Espagne Aritz Aduriz
35%
France Wissam Ben Yedder
34%
Argentine Angel Correa
27%
Maroc Yousef En-Nesyri
25%
Fc Séville Guinée Frédéric Kanouté
20%
Brésil Luis Fabiano
15%
Espagne Fernando Llorente
8%
Espagne Alvaro Negredo
7%
Espagne Ismael Urzaiz
1%
Espagne Julen Guerrero
1%
Aucun quiz correspondant
Distribution des résultats
% des personnes avec chaque résultat
Percentile par nombre de réponses
Votre historique - résultats
Vous n’avez pas pris ce quiz